| 000 | 00761nam a2200205 i 4500 | ||
|---|---|---|---|
| 001 | 124789 | ||
| 003 | ES-MaACL | ||
| 005 | 20230906192510.0 | ||
| 007 | t| | ||
| 008 | 070419s1933 sp ||||1| spa d | ||
| 245 | 0 | 0 |
_aSeguro de maternidad _b: segundo convenio con la Unión Farmacéutica Nacional. |
| 260 |
_aMadrid : _b[s.n.], _c1933 ( _fOficina Tip. del Instituto Nacional de Previsión) |
||
| 300 |
_a8 p. ; _c20 cm. |
||
| 490 | 1 |
_aPublicaciones del Instituto Nacional de Previsión ; _v368 |
|
| 650 |
_aSubsidio de maternidad- _zEspaña. _917240 |
||
| 710 | 2 |
_aInstituto Nacional de Previsión (España) _95180 |
|
| 830 | 1 |
_aPublicaciones del Instituto Nacional de Previsión ; _v368 _9181151 |
|
| 852 |
_aES-MaACL _jC-12651(6) |
||
| 999 |
_c124789 _d124789 |
||